| 000 | 00790nam a2200229Ii 4500 | ||
|---|---|---|---|
| 003 | JO-AjNU | ||
| 008 | 230605s9999||||xx |||||||||||||| ||und|| | ||
| 017 | _a2638/5/2019 | ||
| 020 | _a978-9923-16-030-5 | ||
| 040 |
_aJO-AjNU _bara _erda _cJO-AjNU |
||
| 041 | _aara | ||
| 050 | 1 | 4 | _aHB180.S534 2022 |
| 100 | 3 |
_aشاهين، محمد عبدالله, _eauthor _963033 |
|
| 245 | 0 | 0 | _aالاقتصاد الكلي وتطبيقاته |
| 250 | _aط1 | ||
| 264 | 3 | 1 | _aعمان: دار الابتكار للنشر والتوزيع، 2022 |
| 300 | _a259ص | ||
| 336 |
_atext _btxt _2rdacontent |
||
| 337 |
_aunmediated _bn _2rdamedia |
||
| 338 |
_avolume _bnc _2rdacarrier |
||
| 650 | 4 |
_aالاقتصاد الكلي-التحليل الاقتصادي-السياسة الاقتصادية _963034 |
|
| 999 |
_aA28571 _c32139 _d32139 |
||